000 00822nam a22001697a 4500
005 20241204144243.0
008 230712b ||||| |||| 00| 0 eng d
040 _cSSBUL
082 _223
_a၃၂၄.၂၀၉၅၉၁ ပါ
_b၁၆၁၁၃ (S-SAT)
245 _aပါတီဆွေးနွေးပွဲမှတ်စုများ /
260 _aရန်ကုန် ၊
_bစာပေဗိမာန်၊
_c၁၉၆၈။
300 _a၂၀၃ စာမျက်နှာ၊
_c၂၂ စင်တီ။
500 _aS-SAT: Dr. Sai Aung Tun Collection
650 _aနိုင်ငံရေးပါတီများ
_zမြန်မာနိုင်ငံ။
_927802
651 _aမြန်မာ့ဆိုရှယ်လစ်လမ်းစဉ်ပါတီ။
_927839
942 _2ddc
_cBK1
999 _c27094
_d27094